<?xml version="1.0" encoding="UTF-8"?><?xml-stylesheet type="text/xsl" href="static/style.xsl"?><OAI-PMH xmlns="http://www.openarchives.org/OAI/2.0/" xmlns:xsi="http://www.w3.org/2001/XMLSchema-instance" xsi:schemaLocation="http://www.openarchives.org/OAI/2.0/ http://www.openarchives.org/OAI/2.0/OAI-PMH.xsd"><responseDate>2026-04-30T00:42:51Z</responseDate><request verb="GetRecord" identifier="oai:uvadoc.uva.es:10324/4144" metadataPrefix="marc">https://uvadoc.uva.es/oai/request</request><GetRecord><record><header><identifier>oai:uvadoc.uva.es:10324/4144</identifier><datestamp>2021-10-14T12:41:43Z</datestamp><setSpec>com_10324_38</setSpec><setSpec>col_10324_787</setSpec></header><metadata><record xmlns="http://www.loc.gov/MARC21/slim" xmlns:doc="http://www.lyncode.com/xoai" xmlns:xsi="http://www.w3.org/2001/XMLSchema-instance" xmlns:dcterms="http://purl.org/dc/terms/" xsi:schemaLocation="http://www.loc.gov/MARC21/slim http://www.loc.gov/standards/marcxml/schema/MARC21slim.xsd">
<leader>00925njm 22002777a 4500</leader>
<datafield tag="042" ind1=" " ind2=" ">
<subfield code="a">dc</subfield>
</datafield>
<datafield tag="720" ind1=" " ind2=" ">
<subfield code="a">Lucas García, Daniel de</subfield>
<subfield code="e">author</subfield>
</datafield>
<datafield tag="260" ind1=" " ind2=" ">
<subfield code="c">2013</subfield>
</datafield>
<datafield tag="520" ind1=" " ind2=" ">
<subfield code="a">El proyecto consiste en la restauración para uso forestal y social de una zona afectada por tres canteras de extracción de áridos en el término municipal de San Martín y Mudrián (Segovia).&#xd;
&#xd;
El motivo es ocultar la intesidad de las actuaciones de las empresas extractoras, que tras realizadar sus actividades comerciales, abandonaron la zona, sin llevar a cabo la restauración que exige la legislación vigente. Actualmente el terrreno presenta un área profundamente alterada, debido a la desaparición de la cubierta vegetal y a la presencia de grandes huecos excavados.  &#xd;
&#xd;
Adicionalmente se proponen otras dos actuaciones. La primera de ellas consiste en la construcción de un área recreativa, para disfrute de los vecinos. Por otro lado, se proyecta un corredor ecológico a lo largo de todo el municipio. La creación de éste permitirá contrarrestar la fragmentación de los hábitats existentes, causada principalmente por obras de infraestructuras y la agricultura.</subfield>
</datafield>
<datafield tag="024" ind2=" " ind1="8">
<subfield code="a">http://uvadoc.uva.es/handle/10324/4144</subfield>
</datafield>
<datafield ind1=" " ind2=" " tag="653">
<subfield code="a">Bosques-Gestión-España-Segovia (Provincia)</subfield>
</datafield>
<datafield tag="245" ind1="0" ind2="0">
<subfield code="a">Proyecto de restauración de un área degradada y mejora del hábitat del término municipal de San Martín y Mudrián (Segovia)</subfield>
</datafield>
</record></metadata></record></GetRecord></OAI-PMH>